[Event "Aeroflot Open 2015"]
[Site "Moscú RUS"]
[Date "2015.03.31"]
[Round "5.11"]
[White "Wagner, Dennis"]
[Black "Grachev, Boris"]
[Result "1/2-1/2"]
[WhiteElo "2549"]
[BlackElo "2673"]
[PlyCount "68"]
[EventDate "2015.03.27"]
[EventType "swiss"]
[EventRounds "9"]
[EventCountry "RUS"]
[Source "lmi"]
[SourceDate "2015.03.27"]

1. d4 d5 2. c4 e6 3. Nf3 Nf6 4. g3 Bb4+ 5. Nbd2 O-O 6. Bg2 dxc4 7. O-O b5 8. a4
c6 9. Ne1 Bb7 10. axb5 Qc8 11. bxc6 Bxc6 12. Nef3 Nbd7 13. Qc2 Bxd2 14. Bxd2
Be4 15. Qc1 Qb7 16. Ra5 Rfb8 17. Qxc4 Qxb2 18. Bc3 Nb6 19. Qc7 Nbd5 20. Bxb2
Nxc7 21. Bc3 Ncd5 22. Bd2 Rb2 23. Rd1 h6 24. Kf1 Rc8 25. Rc5 Rcb8 26. Ra5 Rc8
27. Rc5 Rcb8 28. Ra5 Rb1 29. Ra1 Rxd1+ 30. Rxd1 Rb2 31. Ke1 Ra2 32. Bf1 a5 33.
Ne5 Nb4 34. f3 Bc2 1/2-1/2

[Event "Aeroflot Open 2015"]
[Site "Moscú RUS"]
[Date "2015.03.31"]
[Round "5.12"]
[White "Potkin, Vladimir"]
[Black "Mamedov, Rauf"]
[Result "1/2-1/2"]
[WhiteElo "2605"]
[BlackElo "2658"]
[PlyCount "101"]
[EventDate "2015.03.27"]
[EventType "swiss"]
[EventRounds "9"]
[EventCountry "RUS"]
[Source "lmi"]
[SourceDate "2015.03.27"]

1. d4 Nf6 2. c4 g6 3. Nc3 Bg7 4. e4 d6 5. Be2 O-O 6. Bg5 Na6 7. Nf3 h6 8. Be3
e5 9. O-O Ng4 10. Bc1 Qe8 11. dxe5 dxe5 12. h3 Nf6 13. Be3 b6 14. a3 Nc5 15.
Qc2 Nh5 16. Bxc5 bxc5 17. Nd5 Qd8 18. Rfd1 Bd7 19. Ne1 Nf4 20. Nxf4 exf4 21.
Bg4 Bd4 22. Bxd7 Qxd7 23. Nf3 Rab8 24. Rd3 Qd6 25. Nxd4 cxd4 26. c5 Qe5 27. b4
a5 28. Qc4 axb4 29. axb4 Rfd8 30. Rad1 Qxe4 31. Rxd4 Rxd4 32. Rxd4 Qe1+ 33. Kh2
f3 34. Rf4 Qe6 35. Qxe6 fxe6 36. gxf3 Kg7 37. Kg3 g5 38. Re4 Kf6 39. f4 Kf5 40.
f3 c6 41. fxg5 hxg5 42. h4 gxh4+ 43. Rxh4 Ke5 44. Re4+ Kd5 45. Kf4 Rf8+ 46. Ke3
e5 47. Rh4 Rb8 48. Kd3 Rf8 49. Ke3 Rb8 50. Rg4 Rb7 51. Kd3 1/2-1/2

[Event "Aeroflot Open 2015"]
[Site "Moscú RUS"]
[Date "2015.03.31"]
[Round "5.13"]
[White "Shimanov, Aleksandr"]
[Black "Motylev, Alexander"]
[Result "1/2-1/2"]
[WhiteElo "2594"]
[BlackElo "2653"]
[PlyCount "34"]
[EventDate "2015.03.27"]
[EventType "swiss"]
[EventRounds "9"]
[EventCountry "RUS"]
[Source "lmi"]
[SourceDate "2015.03.27"]

1. d4 d5 2. c4 c6 3. Nf3 Nf6 4. g3 Bg4 5. Bg2 e6 6. O-O Nbd7 7. h3 Bf5 8. Nc3
h6 9. Qb3 Qb6 10. c5 Qa6 11. Nd2 b6 12. cxb6 Nxb6 13. e4 dxe4 14. Ndxe4 Nxe4
15. Nxe4 Nd5 16. Bd2 Be7 17. Rfc1 O-O 1/2-1/2

[Event "Aeroflot Open 2015"]
[Site "Moscú RUS"]
[Date "2015.03.31"]
[Round "5.15"]
[White "Fedoseev, Vladimir"]
[Black "Stupak, Kirill"]
[Result "1-0"]
[WhiteElo "2674"]
[BlackElo "2567"]
[PlyCount "147"]
[EventDate "2015.03.27"]
[EventType "swiss"]
[EventRounds "9"]
[EventCountry "RUS"]
[Source "lmi"]
[SourceDate "2015.03.27"]

1. e4 e6 2. d3 d5 3. Nd2 Nf6 4. Ngf3 b6 5. c3 Be7 6. Qa4+ Nfd7 7. Be2 O-O 8.
O-O Ba6 9. exd5 exd5 10. Re1 Nc5 11. Qc2 Ne6 12. Nf1 Bd6 13. d4 Bxe2 14. Rxe2
Nc6 15. Ng3 Bxg3 16. hxg3 Re8 17. Bd2 Qd7 18. Rae1 Nf8 19. Rxe8 Rxe8 20. Rxe8
Qxe8 21. Qa4 f6 22. b4 Qa8 23. Bf4 Ne6 24. Qb5 Ne7 25. Bxc7 Qc6 26. Qxc6 Nxc6
27. Bd6 b5 28. g4 Kf7 29. Ne1 Ke8 30. Nd3 Kd7 31. Bg3 Ne7 32. Nb2 Kc6 33. Kf1
Nc8 34. Ke2 Nb6 35. Nd3 Na4 36. Kd2 Kd7 37. Bb8 a6 38. Bf4 Ke7 39. Be3 Kd7 40.
f4 Ke7 41. f5 Nd8 42. Nf4 Nb6 43. Ke2 Kf7 44. Nd3 Na4 45. Bd2 g5 46. fxg6+ hxg6
47. g5 fxg5 48. Ne5+ Ke6 49. Kd3 Nb2+ 50. Kc2 Nc4 51. Nd3 Kf5 52. Bc1 Ne6 53.
Nc5 Nf4 54. g3 Ne2 55. Nxa6 Nxg3 56. Kd3 Ne4 57. Nc7 Kg4 58. Nxd5 Kf3 59. a4
Nf2+ 60. Kc2 g4 61. a5 g3 62. Bf4 g2 63. Bh2 Ke4 64. Nb6 Ng4 65. Bg1 Nge3+ 66.
Kc1 g5 67. Nxc4 Nxc4 68. a6 Kd5 69. a7 Nb6 70. Kd2 Na8 71. Ke3 Nc7 72. Kf3 Kc6
73. Ke4 Kb7 74. d5 1-0

[Event "Aeroflot Open 2015"]
[Site "Moscú RUS"]
[Date "2015.03.31"]
[Round "5.16"]
[White "Idani, Pouya"]
[Black "Sjugirov, Sanan"]
[Result "0-1"]
[WhiteElo "2496"]
[BlackElo "2669"]
[PlyCount "57"]
[EventDate "2015.03.27"]
[EventType "swiss"]
[EventRounds "9"]
[EventCountry "RUS"]
[Source "lmi"]
[SourceDate "2015.03.27"]

1. e4 c5 2. Nf3 e6 3. d4 cxd4 4. Nxd4 Nf6 5. Nc3 d6 6. g4 h6 7. h3 a6 8. Bg2
Be7 9. Be3 Nc6 10. Qe2 Nxd4 11. Bxd4 e5 12. Be3 Be6 13. O-O-O Rc8 14. Qd2 Qa5
15. a3 b5 16. Kb1 b4 17. Nd5 Bxd5 18. exd5 Rb8 19. f4 Nd7 20. fxe5 Nxe5 21. Bd4
O-O 22. Bxe5 dxe5 23. d6 Bg5 24. Qe1 e4 25. Bxe4 Bf6 26. axb4 Rxb4 27. c3 Qa3
28. Rh2 Bxc3 29. Qf1 0-1

[Event "Aeroflot Open 2015"]
[Site "Moscú RUS"]
[Date "2015.03.31"]
[Round "5.17"]
[White "Khismatullin, Denis"]
[Black "Svane, Rasmus"]
[Result "1-0"]
[WhiteElo "2650"]
[BlackElo "2509"]
[PlyCount "95"]
[EventDate "2015.03.27"]
[EventType "swiss"]
[EventRounds "9"]
[EventCountry "RUS"]
[Source "lmi"]
[SourceDate "2015.03.27"]

1. Nf3 d5 2. g3 Bg4 3. Bg2 c6 4. O-O Nf6 5. d3 Nbd7 6. Nbd2 e5 7. h3 Bxf3 8.
Nxf3 Bd6 9. e4 O-O 10. Qe2 Re8 11. Bg5 Nc5 12. exd5 cxd5 13. Nd2 e4 14. dxe4 h6
15. Bxf6 Qxf6 16. c3 Qe6 17. Rad1 Bf8 18. c4 dxe4 19. b4 Na4 20. Nxe4 f5 21.
Qc2 fxe4 22. Qxa4 Qxc4 23. a3 b5 24. Qa6 Re6 25. Qb7 Rae8 26. Qxa7 Kh8 27. Qe3
Be7 28. h4 Bf6 29. Rfe1 Qc6 30. Re2 R6e7 31. Qf4 Qc4 32. Rde1 e3 33. Qxc4 bxc4
34. Rxe3 Rxe3 35. Rxe3 Rxe3 36. fxe3 c3 37. Be4 Kg8 38. Kf2 Kf7 39. Ke2 h5 40.
Kd3 Be5 41. a4 Bxg3 42. a5 Bf2 43. b5 c2 44. Kxc2 Bxe3 45. Kd3 Bf2 46. b6 Bxh4
47. a6 Bf2 48. a7 1-0

[Event "Aeroflot Open 2015"]
[Site "Moscú RUS"]
[Date "2015.03.31"]
[Round "5.18"]
[White "Vidit, Santosh Gujrathi"]
[Black "Mozharov, Mikhail"]
[Result "1/2-1/2"]
[WhiteElo "2625"]
[BlackElo "2555"]
[PlyCount "105"]
[EventDate "2015.03.27"]
[EventType "swiss"]
[EventRounds "9"]
[EventCountry "RUS"]
[Source "lmi"]
[SourceDate "2015.03.27"]

1. d4 Nf6 2. c4 e6 3. Nf3 b6 4. g3 Ba6 5. Qb3 Nc6 6. Nbd2 d5 7. Bg2 Bd6 8. Qa4
Bb7 9. cxd5 exd5 10. Nc4 Bb4+ 11. Bd2 Bxd2+ 12. Ncxd2 O-O 13. O-O Qe7 14. e3
Nd8 15. Rac1 c5 16. dxc5 bxc5 17. Qa3 Ne6 18. Nb3 Rfc8 19. Nfd4 Nd7 20. Na5 Ba6
21. Nac6 Qf6 22. Qxa6 Nxd4 23. exd4 Rxc6 24. Qb7 Rd8 25. dxc5 Rxc5 26. Bxd5 g6
27. Bb3 Rxc1 28. Rxc1 Ne5 29. Rc8 Rxc8 30. Qxc8+ Kg7 31. Qc3 Nf3+ 32. Kg2 Nd4
33. Bd5 Qe5 34. Ba8 g5 35. b4 a6 36. a4 h5 37. Bb7 h4 38. Qe3 Qf6 39. Be4 Kf8
40. gxh4 gxh4 41. f4 Qd6 42. Qd2 f5 43. Ba8 Ke7 44. Kf2 Qf6 45. Qe3+ Kd7 46.
Qd3 Ke7 47. Ke3 Ne6 48. Bd5 Qa1 49. Bxe6 Qg1+ 50. Kf3 Qh1+ 51. Ke3 Qg1+ 52. Kf3
Qh1+ 53. Ke3 1/2-1/2

[Event "Aeroflot Open 2015"]
[Site "Moscú RUS"]
[Date "2015.03.31"]
[Round "5.19"]
[White "Ponkratov, Pavel"]
[Black "Swayams, Mishra"]
[Result "1/2-1/2"]
[WhiteElo "2613"]
[BlackElo "2440"]
[PlyCount "71"]
[EventDate "2015.03.27"]
[EventType "swiss"]
[EventRounds "9"]
[EventCountry "RUS"]
[Source "lmi"]
[SourceDate "2015.03.27"]

1. d4 Nf6 2. c4 e6 3. g3 Bb4+ 4. Nd2 c5 5. a3 Bxd2+ 6. Qxd2 cxd4 7. Nf3 d5 8.
cxd5 Qxd5 9. Qxd4 Nc6 10. Qxd5 exd5 11. Bg2 Ne4 12. O-O Be6 13. Be3 O-O 14.
Rac1 Rac8 15. Rfd1 Rfe8 16. Ne1 b6 17. Nd3 g5 18. Rc2 h6 19. Rdc1 Bd7 20. Bh3
Bxh3 21. Rxc6 Rxc6 22. Rxc6 Rc8 23. Rxh6 Bg4 24. Ne5 Bxe2 25. Rc6 Re8 26. Rc2
Rxe5 27. Rxe2 Nxg3 28. Rc2 d4 29. Rc8+ Kg7 30. Bxg5 Ne4 31. Bc1 Nc5 32. Kf1 Nd3
33. Bd2 Nxb2 34. Rd8 Nc4 35. Rxd4 Nxd2+ 36. Rxd2 1/2-1/2

[Event "Aeroflot Open 2015"]
[Site "Moscú RUS"]
[Date "2015.03.31"]
[Round "5.20"]
[White "Vishnu, Prasanna. V"]
[Black "Salem, A.R. Saleh"]
[Result "0-1"]
[WhiteElo "2477"]
[BlackElo "2603"]
[PlyCount "58"]
[EventDate "2015.03.27"]
[EventType "swiss"]
[EventRounds "9"]
[EventCountry "RUS"]
[Source "lmi"]
[SourceDate "2015.03.27"]

1. e4 c5 2. Nf3 d6 3. d4 cxd4 4. Nxd4 Nf6 5. Nc3 a6 6. h3 e6 7. g4 Nfd7 8. Bg2
Be7 9. g5 O-O 10. h4 Nc6 11. Nce2 d5 12. exd5 exd5 13. Nf5 Nde5 14. Nxe7+ Qxe7
15. O-O Ng6 16. Nf4 Nxh4 17. Nxd5 Qd7 18. Bh1 Re8 19. Bf4 Nd4 20. Ne3 Qa4 21.
Bg3 Nhf5 22. b3 Qa5 23. Bf4 Bd7 24. Qd3 Bb5 25. c4 Bc6 26. Nxf5 Ne2+ 27. Kh2
Nxf4 28. Qc2 Re2 29. Qb1 Bd7 0-1

[Event "Aeroflot Open 2015"]
[Site "Moscú RUS"]
[Date "2015.03.31"]
[Round "5.21"]
[White "Grigoriants, Sergey"]
[Black "Bok, Benjamin"]
[Result "1-0"]
[WhiteElo "2573"]
[BlackElo "2587"]
[PlyCount "133"]
[EventDate "2015.03.27"]
[EventType "swiss"]
[EventRounds "9"]
[EventCountry "RUS"]
[Source "lmi"]
[SourceDate "2015.03.27"]

1. Nf3 Nf6 2. c4 c5 3. d4 cxd4 4. Nxd4 g6 5. Nc3 d5 6. Nf3 Be6 7. Ng5 d4 8.
Nxe6 fxe6 9. Nb1 Qb6 10. Nd2 Bh6 11. g3 Bxd2+ 12. Bxd2 Qxb2 13. Qb1 Qxb1+ 14.
Rxb1 Nbd7 15. Rxb7 Kf7 16. e3 e5 17. c5 Rhb8 18. c6 Rxb7 19. cxb7 Rb8 20. exd4
Rxb7 21. dxe5 Nxe5 22. Bc3 Neg4 23. Bd3 Rc7 24. Bb2 Rd7 25. Bc4+ e6 26. O-O Rd2
27. Bc1 Rd4 28. Bb3 Nd5 29. Be3 Rb4 30. Bxa7 Ne5 31. Kg2 Re4 32. Rd1 Ke7 33.
Bxd5 exd5 34. Rxd5 Ke6 35. Rd2 g5 36. f3 Ra4 37. Bd4 Nc6 38. Bc5 Ne5 39. a3 Rc4
40. Bd4 Nc6 41. Bb2 h5 42. Kf2 Rc5 43. Re2+ Kf5 44. h3 Na5 45. g4+ Kg6 46. Bd4
Rd5 47. Re6+ Kf7 48. Rf6+ Ke7 49. Rf5 Rxd4 50. Rxa5 hxg4 51. hxg4 Kf6 52. Ke3
Rd1 53. Rf5+ Kg6 54. a4 Ra1 55. a5 Rd1 56. Ke4 Rd2 57. Rd5 Ra2 58. Rd6+ Kf7 59.
a6 Ra3 60. Rb6 Kg7 61. Rb7+ Kf6 62. a7 Ke6 63. Kd4 Kd6 64. Rg7 Ra4+ 65. Ke3 Ke6
66. Rxg5 Rxa7 67. Rf5 1-0

[Event "Aeroflot Open 2015"]
[Site "Moscú RUS"]
[Date "2015.03.31"]
[Round "5.22"]
[White "Bogdanovich, Stanislav"]
[Black "Kovalevskaya, Ekaterina"]
[Result "1-0"]
[WhiteElo "2581"]
[BlackElo "2438"]
[PlyCount "113"]
[EventDate "2015.03.27"]
[EventType "swiss"]
[EventRounds "9"]
[EventCountry "RUS"]
[Source "lmi"]
[SourceDate "2015.03.27"]

1. d4 d5 2. c4 e6 3. Nf3 Nf6 4. g3 c5 5. cxd5 exd5 6. Bg2 Nc6 7. O-O Be7 8.
dxc5 Bxc5 9. a3 a5 10. Qc2 Bb6 11. Bg5 h6 12. Bxf6 Qxf6 13. Nc3 Be6 14. Qb3 Qd8
15. Rfd1 d4 16. Qb5 O-O 17. Na4 Ra6 18. Rac1 Qd5 19. Qxd5 Bxd5 20. Nc5 Bxc5 21.
Rxc5 Rd8 22. Ne1 Bxg2 23. Kxg2 Rb6 24. Nd3 f6 25. Rdc1 Kf7 26. Kf1 g5 27. Rf5
Kg6 28. Rcc5 Ne7 29. Rb5 Rbd6 30. Rfc5 b6 31. Rc7 Nd5 32. Rc4 Ne7 33. Rc7 Nd5
34. Rc1 R8d7 35. Rc8 Nc7 36. Rb3 Rc6 37. Ke1 Rdd6 38. Kd2 Na6 39. Rxc6 Rxc6 40.
f3 Kf7 41. h4 Kg6 42. hxg5 hxg5 43. g4 Nc7 44. Nf2 f5 45. Kd3 Ne6 46. gxf5+
Kxf5 47. Rb5+ Nc5+ 48. Kxd4 Rd6+ 49. Kc4 Kf4 50. b4 axb4 51. axb4 Rd2 52. Rxb6
Rxe2 53. Rf6+ Kg3 54. Nh1+ Kg2 55. bxc5 Kxh1 56. c6 Kg2 57. Rf5 1-0

[Event "Aeroflot Open 2015"]
[Site "Moscú RUS"]
[Date "2015.03.31"]
[Round "5.23"]
[White "Matlakov, Maxim"]
[Black "Sanal, Vahap"]
[Result "1-0"]
[WhiteElo "2693"]
[BlackElo "2487"]
[PlyCount "107"]
[EventDate "2015.03.27"]
[EventType "swiss"]
[EventRounds "9"]
[EventCountry "RUS"]
[Source "lmi"]
[SourceDate "2015.03.27"]

1. d4 Nf6 2. c4 e6 3. g3 Bb4+ 4. Bd2 Bxd2+ 5. Qxd2 d5 6. Bg2 O-O 7. Nf3 c6 8.
O-O Nbd7 9. Ne5 Nxe5 10. dxe5 Nd7 11. f4 b5 12. cxd5 Qb6+ 13. Kh1 cxd5 14. Na3
f6 15. exf6 Nxf6 16. Nc2 Bd7 17. Nb4 Be8 18. Rac1 a5 19. Nd3 Bg6 20. Ne5 Rac8
21. Rxc8 Rxc8 22. Rc1 Rc7 23. Bf3 Qf2 24. Qd1 Rc5 25. Rxc5 Qxc5 26. Qg1 Qc7 27.
Qd4 Be4 28. Kg2 h6 29. Kh3 Qc1 30. Qb6 Bf5+ 31. Kg2 h5 32. Qb8+ Kh7 33. Nf7 Kg6
34. Ne5+ Kh7 35. Nf7 Kg6 36. Qf8 Qc7 37. Ng5 e5 38. fxe5 Qxe5 39. h4 d4 40.
Qf7+ Kh6 41. Qxh5+ Nxh5 42. Nf7+ Kh7 43. Nxe5 Nf6 44. Nc6 d3 45. exd3 Bxd3 46.
Nxa5 Nd7 47. Nc6 Nc5 48. Nb4 Bf5 49. Bc6 Na4 50. b3 Nc3 51. Kf3 g5 52. hxg5 Kg6
53. Ke3 Kxg5 54. Kd4 1-0

[Event "Aeroflot Open 2015"]
[Site "Moscú RUS"]
[Date "2015.03.31"]
[Round "5.24"]
[White "Oparin, Grigoriy"]
[Black "Iturrizaga Bonelli, Eduardo"]
[Result "1/2-1/2"]
[WhiteElo "2562"]
[BlackElo "2630"]
[PlyCount "83"]
[EventDate "2015.03.27"]
[EventType "swiss"]
[EventRounds "9"]
[EventCountry "RUS"]
[Source "lmi"]
[SourceDate "2015.03.27"]

1. e4 c5 2. Nf3 e6 3. d4 cxd4 4. Nxd4 Nc6 5. Nc3 Qc7 6. Be3 a6 7. Qf3 Bd6 8.
O-O-O Be5 9. Nxc6 bxc6 10. Bd4 Nf6 11. Bxe5 Qxe5 12. Qe3 Ng4 13. Qe1 Qc5 14.
Rd2 Rb8 15. f3 Ne5 16. a3 O-O 17. f4 Ng6 18. g3 d5 19. h4 Bd7 20. Qf2 Qxf2 21.
Rxf2 a5 22. Na4 Rfd8 23. Bg2 Ne7 24. Rd1 Nc8 25. f5 Nd6 26. fxe6 fxe6 27. Nc5
Rb5 28. Nxd7 Rxd7 29. exd5 exd5 30. Re1 Rf7 31. Rfe2 Rb8 32. Re6 Rd8 33. R1e2
Kf8 34. c3 Rf6 35. a4 Rd7 36. Rxf6+ gxf6 37. Re6 Kf7 38. Bh3 f5 39. Rh6 Kg7 40.
Re6 Kf7 41. Rh6 Kg7 42. Re6 1/2-1/2

[Event "Aeroflot Open 2015"]
[Site "Moscú RUS"]
[Date "2015.03.31"]
[Round "5.25"]
[White "Goganov, Aleksey"]
[Black "Sandipan, Chanda"]
[Result "1-0"]
[WhiteElo "2598"]
[BlackElo "2569"]
[PlyCount "137"]
[EventDate "2015.03.27"]
[EventType "swiss"]
[EventRounds "9"]
[EventCountry "RUS"]
[Source "lmi"]
[SourceDate "2015.03.27"]

1. d4 d5 2. c4 c6 3. Nf3 Nf6 4. Nc3 e6 5. Bg5 h6 6. Bxf6 Qxf6 7. e3 g6 8. Bd3
Bg7 9. O-O O-O 10. e4 Qd8 11. Qd2 e5 12. exd5 exd4 13. Ne2 cxd5 14. Nexd4 Qb6
15. Nb3 dxc4 16. Bxc4 Nc6 17. Qf4 a5 18. Rad1 a4 19. Nbd2 Qb4 20. Ne4 Qxb2 21.
Rfe1 g5 22. Qc7 Ne5 23. Nxe5 Bxe5 24. Qe7 Bg7 25. Rd8 Be6 26. Rxa8 Rxa8 27.
Bxe6 fxe6 28. Qxe6+ Kh7 29. g3 Rf8 30. Rd1 b5 31. Rd2 Qa1+ 32. Kg2 b4 33. Qc4
Rb8 34. Qc2 Kh8 35. Qxa4 Qc1 36. Rc2 Qe1 37. Qc6 Rd8 38. Qe6 Qd1 39. Rc8 Rxc8
40. Qxc8+ Kh7 41. Qf5+ Kg8 42. Qe6+ Kh7 43. Nd6 g4 44. Qe4+ Kh8 45. Nf5 Bf8 46.
Ne3 Qd2 47. Qe5+ Bg7 48. Qe8+ Kh7 49. Qe4+ Kh8 50. Qxg4 Qxa2 51. Qxb4 Qa8+ 52.
Kg1 Qa1+ 53. Nf1 Qd1 54. Qe4 Bd4 55. Kg2 Qa1 56. Nd2 Qb2 57. Qe8+ Kh7 58. Qf7+
Kh8 59. Ne4 Qb8 60. Qd5 Bg7 61. Nd6 Bf8 62. Nf7+ Kh7 63. Nd8 Bg7 64. Ne6 Qb1
65. h4 Ba1 66. h5 Qb2 67. Qd7+ Kh8 68. Qe8+ Kh7 69. Qg6+ 1-0

[Event "Aeroflot Open 2015"]
[Site "Moscú RUS"]
[Date "2015.03.31"]
[Round "5.26"]
[White "Batchuluun, Tsegmed"]
[Black "Savchenko, Boris"]
[Result "0-1"]
[WhiteElo "2499"]
[BlackElo "2581"]
[PlyCount "96"]
[EventDate "2015.03.27"]
[EventType "swiss"]
[EventRounds "9"]
[EventCountry "RUS"]
[Source "lmi"]
[SourceDate "2015.03.27"]

1. d4 e6 2. c4 b6 3. Nc3 Bb4 4. Qc2 Qf6 5. a3 Qg6 6. Qxg6 Bxc3+ 7. bxc3 hxg6 8.
Bf4 Ba6 9. Bxc7 Bxc4 10. Nf3 Nc6 11. Nd2 Ba6 12. e3 Bxf1 13. Kxf1 Rc8 14. Bd6
Na5 15. Ke2 Nb7 16. Bg3 Rxc3 17. Rhc1 Rc6 18. Bb8 a6 19. Rab1 b5 20. d5 exd5
21. a4 Ne7 22. axb5 axb5 23. Rd1 f6 24. Rxb5 Nd8 25. Nf3 Kf7 26. Nd4 Ra6 27.
Rd2 Ne6 28. Bg3 Nxd4+ 29. Rxd4 Rc8 30. Rd2 Rc1 31. h3 Ke6 32. Kf3 Ra4 33. Ke2
g5 34. Bh2 Rac4 35. f3 Rh1 36. Bg3 Rg1 37. Kf2 Rcc1 38. e4 Rce1 39. Rb6+ Kf7
40. Bb8 dxe4 41. fxe4 Rgf1+ 42. Kg3 Rxe4 43. Rxd7 Ke8 44. Rd2 Nf5+ 45. Kh2 Ree1
46. g4 Rh1+ 47. Kg2 Ne3+ 48. Kf2 Nc4 0-1

[Event "Aeroflot Open 2015"]
[Site "Moscú RUS"]
[Date "2015.03.31"]
[Round "5.27"]
[White "Predke, Alexandr"]
[Black "Bluebaum, Matthias"]
[Result "0-1"]
[WhiteElo "2530"]
[BlackElo "2576"]
[PlyCount "78"]
[EventDate "2015.03.27"]
[EventType "swiss"]
[EventRounds "9"]
[EventCountry "RUS"]
[Source "lmi"]
[SourceDate "2015.03.27"]

1. e4 e6 2. d4 d5 3. Nc3 Nf6 4. Bg5 dxe4 5. Nxe4 Be7 6. Bxf6 gxf6 7. Qd2 f5 8.
Nc3 a6 9. g3 Qd6 10. Bg2 Nd7 11. O-O-O Rb8 12. f4 b5 13. Nf3 Nb6 14. Ne5 Nc4
15. Qe2 Qb4 16. Bc6+ Kf8 17. Nxc4 bxc4 18. Na4 c3 19. bxc3 Qd6 20. Qc4 Kg7 21.
Rhe1 Rd8 22. Re5 Bf6 23. Rc5 e5 24. d5 Be7 25. Re1 e4 26. Ra5 Qh6 27. Re2 Kg8
28. Nc5 Qh3 29. Nb3 Qf1+ 30. Kd2 Bf6 31. Qc5 Rb6 32. Re1 Qf3 33. Ra4 Bd7 34.
Nd4 Qf2+ 35. Re2 Qg1 36. Rb4 Rxb4 37. Qxb4 Bxc6 38. Nxc6 Rxd5+ 39. Nd4 Bxd4 0-1

[Event "Aeroflot Open 2015"]
[Site "Moscú RUS"]
[Date "2015.03.31"]
[Round "5.28"]
[White "Jumabayev, Rinat"]
[Black "Can, Emre"]
[Result "1-0"]
[WhiteElo "2572"]
[BlackElo "2555"]
[PlyCount "41"]
[EventDate "2015.03.27"]
[EventType "swiss"]
[EventRounds "9"]
[EventCountry "RUS"]
[Source "lmi"]
[SourceDate "2015.03.27"]

1. d4 d5 2. c4 e6 3. g3 Nf6 4. Bg2 dxc4 5. Qa4+ c6 6. Qxc4 b5 7. Qc2 Bb7 8. Nc3
a6 9. Bg5 Nbd7 10. Rd1 Qb6 11. Nh3 c5 12. d5 b4 13. Bxf6 Nxf6 14. Qa4+ Ke7 15.
Ng5 exd5 16. Nxd5+ Nxd5 17. Bxd5 Rd8 18. Qb3 f5 19. Bxb7 Rxd1+ 20. Kxd1 Kf6 21.
h4 1-0

[Event "Aeroflot Open 2015"]
[Site "Moscú RUS"]
[Date "2015.03.31"]
[Round "5.29"]
[White "Yilmaz, Mustafa"]
[Black "Ernst, Sipke"]
[Result "0-1"]
[WhiteElo "2570"]
[BlackElo "2530"]
[PlyCount "82"]
[EventDate "2015.03.27"]
[EventType "swiss"]
[EventRounds "9"]
[EventCountry "RUS"]
[Source "lmi"]
[SourceDate "2015.03.27"]

1. Nf3 d5 2. d4 c6 3. c4 Nf6 4. Nc3 dxc4 5. a4 e6 6. e3 c5 7. Bxc4 Nc6 8. O-O
Be7 9. Qe2 cxd4 10. Nxd4 O-O 11. Rd1 Qc7 12. Nxc6 bxc6 13. e4 Rb8 14. Be3 Rd8
15. Rxd8+ Bxd8 16. a5 Be7 17. f4 Bb4 18. a6 e5 19. f5 Bxc3 20. bxc3 Nxe4 21.
Bd3 Nf6 22. Bf2 Nd5 23. Qd2 h6 24. Bc5 Rb3 25. c4 Nf6 26. Bc2 Rb2 27. Qc3 Rb8
28. Qa5 Qxa5 29. Rxa5 Nd7 30. Be3 Rb2 31. Be4 Nf6 32. Rxe5 Bxa6 33. Bf3 Bxc4
34. Bxa7 Bd5 35. Bd4 Rd2 36. Be3 Ra2 37. Bd4 Bxf3 38. gxf3 Rd2 39. Bc3 Rd3 40.
Rc5 Nd5 41. Bb2 Rd1+ 0-1

[Event "Aeroflot Open 2015"]
[Site "Moscú RUS"]
[Date "2015.03.31"]
[Round "5.31"]
[White "Gundavaa, Bayarsaikhan"]
[Black "Tregubov, Pavel V"]
[Result "1-0"]
[WhiteElo "2505"]
[BlackElo "2617"]
[PlyCount "127"]
[EventDate "2015.03.27"]
[EventType "swiss"]
[EventRounds "9"]
[EventCountry "RUS"]
[Source "lmi"]
[SourceDate "2015.03.27"]

1. e4 c5 2. Nf3 Nc6 3. Bb5 Nf6 4. Nc3 g6 5. O-O Bg7 6. e5 Ng4 7. Bxc6 dxc6 8.
Re1 O-O 9. d3 Nh6 10. Bf4 Bg4 11. Ne4 b6 12. h3 Bxf3 13. Qxf3 Nf5 14. c3 Nh4
15. Qe2 f6 16. exf6 exf6 17. Nd6 Qd7 18. Qe7 Rad8 19. Bg3 g5 20. Qe6+ Qxe6 21.
Rxe6 Ng6 22. Nf5 Rd5 23. Nxg7 Kxg7 24. Rxc6 Rxd3 25. a4 f5 26. Bc7 Kf7 27. a5
Ne7 28. Rh6 Kg7 29. Rd6 Rxd6 30. Bxd6 Rf7 31. axb6 axb6 32. Ra8 Kf6 33. Ra6 c4
34. Bc5 Nd5 35. Bxb6 Ke5 36. Ra5 Rb7 37. Bd4+ Ke6 38. Ra4 Rxb2 39. Rxc4 Ne7 40.
Rc5 Rc2 41. Re5+ Kd6 42. Ra5 Nd5 43. Ra6+ Ke7 44. Rh6 Nxc3 45. Rxh7+ Ke6 46.
Rh6+ Kd5 47. Bxc3 Rxc3 48. Rh5 Rc1+ 49. Kh2 Rc2 50. f3 f4 51. Rxg5+ Ke6 52. h4
Kf6 53. Kh3 Ra2 54. Rg8 Kf5 55. Rf8+ Ke5 56. h5 Ra1 57. h6 Rh1+ 58. Kg4 Rh2 59.
Rf5+ Ke6 60. Rh5 Rxg2+ 61. Kxf4 Rg8 62. h7 Rh8 63. Kg5 Kf7 64. Kh6 1-0

[Event "Aeroflot Open 2015"]
[Site "Moscú RUS"]
[Date "2015.03.31"]
[Round "5.32"]
[White "Kotronias, Vasilios"]
[Black "Korobkov, Piotr"]
[Result "1-0"]
[WhiteElo "2565"]
[BlackElo "2423"]
[PlyCount "70"]
[EventDate "2015.03.27"]
[EventType "swiss"]
[EventRounds "9"]
[EventCountry "RUS"]
[Source "lmi"]
[SourceDate "2015.03.27"]

1. e4 d6 2. d4 Nf6 3. Nc3 e5 4. dxe5 dxe5 5. Qxd8+ Kxd8 6. Bc4 Ke8 7. Nf3 Bd6
8. Bg5 Nbd7 9. O-O-O a6 10. Rhe1 h6 11. Bh4 b5 12. Bf1 Bb7 13. Nd2 g5 14. Bg3
Ke7 15. a4 c6 16. f3 Nc5 17. Bf2 Nfd7 18. Be2 Nb6 19. b3 Nbd7 20. Nf1 Ne6 21.
Ng3 Ng7 22. Rd3 Ba3+ 23. Kb1 Nc5 24. Rd2 Bb4 25. Red1 Nge6 26. Nf5+ Kf6 27. Rd6
Nxa4 28. Na2 Nc3+ 29. Nxc3 Bxc3 30. Bc5 a5 31. h4 gxh4 32. Bf2 b4 33. Bxh4+ Kg6
34. Bc4 Rhe8 35. Bxe6 Rxe6 1-0

[Event "Aeroflot Open 2015"]
[Site "Moscú RUS"]
[Date "2015.03.31"]
[Round "5.33"]
[White "Ankit, R. Rajpara"]
[Black "Abdumalik, Zhansaya"]
[Result "1/2-1/2"]
[WhiteElo "2477"]
[BlackElo "2379"]
[PlyCount "39"]
[EventDate "2015.03.27"]
[EventType "swiss"]
[EventRounds "9"]
[EventCountry "RUS"]
[Source "lmi"]
[SourceDate "2015.03.27"]

1. d4 Nf6 2. Nf3 g6 3. Bg5 Bg7 4. Nbd2 d5 5. e3 O-O 6. Bd3 c5 7. c3 Nbd7 8. O-O
Re8 9. Re1 b6 10. e4 dxe4 11. Nxe4 cxd4 12. Nxd4 Bb7 13. Nxf6+ exf6 14. Bf4 Nc5
15. Bc4 f5 16. Nb5 Rxe1+ 17. Qxe1 Nd3 18. Qe3 Nxf4 19. Qxf4 Bf8 20. Re1 1/2-1/2

[Event "Aeroflot Open 2015"]
[Site "Moscú RUS"]
[Date "2015.03.31"]
[Round "5.35"]
[White "Kuderinov, Kirill"]
[Black "Tran, Tuan Minh"]
[Result "1/2-1/2"]
[WhiteElo "2465"]
[BlackElo "2455"]
[PlyCount "61"]
[EventDate "2015.03.27"]
[EventType "swiss"]
[EventRounds "9"]
[EventCountry "RUS"]
[Source "lmi"]
[SourceDate "2015.03.27"]

1. e4 c5 2. Nf3 d6 3. d4 cxd4 4. Nxd4 Nf6 5. Nc3 a6 6. Bc4 e6 7. Bb3 Be7 8. Qf3
O-O 9. Qg3 Nc6 10. Be3 Nxd4 11. Bxd4 e5 12. Be3 b5 13. Bg5 b4 14. Bxf6 Bxf6 15.
Nd5 Bh4 16. Qd3 Kh8 17. Ne3 g6 18. O-O f5 19. Rad1 fxe4 20. Qxe4 Rb8 21. Nc4
Bb7 22. Qe3 Bg5 23. Qe2 Bf3 24. gxf3 Bf4 25. h3 Qg5+ 26. Kh1 Qh5 27. Kg2 Qg5+
28. Kh1 Qh6 29. Kg2 Qg5+ 30. Kh1 Qf5 31. Kg2 1/2-1/2